01498cam a2200373 i 450000100090000000300040000900500170001300800410003001000170007102000180008802000150010602000190012104000280014004200080016805000220017608200200019810000420021824501630026025000190042326400470044230000470048933600260053633700280056233800270059050400690061765000160068665000210070265000180072370000400074194200460078195201400082795201400096799900170110720654455OSt20250610120635.0180831s2020 maua b 001 0 eng  a 2018041734 a9789389552454 a0134895134 a 9780134895130 aDLCbengcDLCerdadDLC apcc00aHD57.7b.Y85 202000a658.4092bYUK/L1 aYukl, Gary A.,d1940-eauthor.91057510aLeadership in organizations /cGary Yukl, State University of New York at Albany and William L. Gardner, III, Rawls College of Business Texas Tech University. aNinth edition. 1aBoston :bPearson Education, Inc.,c[2020] axxii, 538 pages :b illustrations ;c24 cm atextbtxt2rdacontent aunmediatedbn2rdamedia avolumebnc2rdacarrier aIncludes bibliographical references (pages 421-504) and indexes. 0aLeadership. 0aDecision making. 0aOrganization.1 aGardner, William L.,cIII,eauthor. 2ddccBKh658.4092iYUK/Lk658.4092mYUK/L 00102ddc40708MANAGEMENTaMESbMEScMANAGEMENTd2025-06-10l0o658.4092 YUK/Lp45916r2025-06-10 12:06:27t1w2025-06-10yBKzGL52R2 00102ddc40708MANAGEMENTaMESbMEScMANAGEMENTd2025-06-10l0o658.4092 YUK/Lp45917r2025-06-10 12:06:27t2w2025-06-10yBKzGL52R2 c44524d44524